| 000 | 00740nam a2200229 a 4500 | ||
|---|---|---|---|
| 001 | BRL_234 | ||
| 005 | 20190320210639.0 | ||
| 008 | 240613s1969----mx-#######---#000-0#spa-# | ||
| 041 | _aspa | ||
| 044 | _amx | ||
| 050 | 4 |
_aF1336 _b.M66 1969 |
|
| 100 | 1 |
_aMontejano y Aguiñaga, Rafael _923310 |
|
| 245 | 1 | 0 |
_aLos Infante _bla imprenta y el grabado en San Luis Potosí _cRafael Montejano y Aguiñaga. |
| 260 |
_aSan Luis Potosí, S.L.P., México _bEditorial Universitaria Potosina _c1969 |
||
| 300 |
_a38 p. _c22 cm. |
||
| 440 | 0 |
_aCuadernos de Plata _pLetras Potosinas _v9 _923311 |
|
| 500 | _aAu78 | ||
| 600 | 1 | 4 |
_aFamilia Infante _923312 |
| 650 | 1 | 4 |
_aImprenta _xHistoria _zSan Luis Potosí, México _923313 |
| 902 | _aGRL | ||
| 942 |
_2lcc _cB |
||
| 999 |
_c9047 _d9047 |
||